000 00269nam a2200109Ia 4500
008 220623s9999 xx 000 0 und d
020 _a9780796301215
082 _aAF LERO
100 _aLe Roux-vdBoon M
_9142282
245 0 _aGranate bloei in Jerusalem
942 _cBK
_w561
_xJohn Tresidder
_y561
_zJohn Tresidder
999 _c675109
_d675108